000 00532nam a2200169Ia 4500
008 090124s9999 xx 000 0 und d
082 _b5094
100 _aसोवनी रा. वि.
245 _a वसुंधरेची जीवनकथा
250 _a0
300 _a80
600 _aसोवनी रा. वि.
630 _a वसुंधरेची जीवनकथा
700 _aसोवनी रा. वि.
730 _a वसुंधरेची जीवनकथा
942 _cBOOK
999 _c84058
_d84058